| 000 | 01295nam a22003257a 4500 | ||
|---|---|---|---|
| 003 | DO-SdBNP | ||
| 005 | 20180312130705.0 | ||
| 008 | 160511b 2003 dr 00| 0 spa d | ||
| 020 | _a9993491861 (Módulo 5) | ||
| 020 | _a9993491853 (Módulo 6) | ||
| 020 | _a9993494380 (Módulo 8) | ||
| 020 | _a9993494364 (Módulo 9) | ||
| 040 |
_aBPMSU _bspa _cBPMSU |
||
| 082 | 4 |
_a374.83 _bP927e 2do. 2003 |
|
| 245 |
_aPrepara educación de adultos : _b2do. bachillerato / _cManuel García Cartagena ... [et al.] ; dirección editorial Obdulia García de Escobar |
||
| 260 |
_aSanto Domingo : _bSecretaría de Estado de Educación ; _bSantillana ; _c2003. |
||
| 300 |
_av. : _bil. ; _c28 cm. |
||
| 490 | 1 | _aSantillana adultos | |
| 650 | 4 |
_aEDUCACIÓN SECUNDARIA DE ADULTOS _zREPÚBLICA DOMINICANA |
|
| 650 | 4 |
_aEDUCACIÓN SECUNDARIA DE ADULTOS _zREPÚBLICA DOMINICANA |
|
| 650 | 4 |
_aEDUCACIÓN SECUNDARIA DE ADULTOS _xLIBROS DE TEXTOS |
|
| 650 | 4 |
_aEDUCACIÓN SECUNDARIA DE ADULTOS _xENSEÑANZA SECUNDARIA |
|
| 700 | 1 | 2 | _aGarcía Cartagena, Manuel |
| 700 | 1 | 2 |
_aGarcía de Escobar, Obdulia, _e ed. |
| 830 | 0 | _aSantillana adultos | |
| 910 | _aValidado. Control de calidad MFF | ||
| 942 |
_2ddc _cBK |
||
| 945 | _aRemanejada para la BNPHU 2018 / BT | ||
| 956 |
_aBTAVÁREZ _b10 _cBPMSU _d20160609 _f0038 |
||
| 999 |
_c10091 _d10091 |
||